|
|
|
|
| LEADER |
01631nam a2200421 a 4500 |
| 001 |
000189039 |
| 003 |
CZ BrMZK |
| 005 |
20250801134816.0 |
| 007 |
ta |
| 008 |
960815s1997 xr e e cze d |
| 015 |
|
|
|a cnb000273700
|
| 020 |
|
|
|a 80-7078-404-0
|
| 035 |
|
|
|a (OCoLC)38152675
|
| 040 |
|
|
|a BOA001
|b cze
|
| 043 |
|
|
|a e------
|
| 072 |
|
7 |
|a 339.7/.9
|x Světová ekonomika a mezinárodní finance
|2 Konspekt
|9 4
|
| 080 |
|
|
|a 339.92
|2 MRF
|
| 080 |
|
|
|a (4)
|2 MRF
|
| 080 |
|
|
|a (038)81
|2 MRF
|
| 080 |
|
|
|a (038.072)
|2 MRF
|
| 100 |
1 |
|
|a Zlý, Bohumír,
|d 1931-2013
|7 mzk2002148262
|4 aut
|
| 245 |
1 |
0 |
|a Ekonomická integrace :
|b příruční slovník /
|c Bohumír Zlý
|
| 250 |
|
|
|a 1. vyd.
|
| 260 |
|
|
|a Ostrava :
|b VŠB-Technická univerzita,
|c 1997
|
| 300 |
|
|
|a 99 s. ;
|c 21 cm
|
| 500 |
|
|
|a Určeno pro posl. 2. roč. EkF
|
| 504 |
|
|
|a Obsahuje bibliografii
|
| 650 |
0 |
7 |
|a ekonomická integrace
|7 ph119825
|2 czenas
|
| 650 |
0 |
7 |
|a ekonomická integrace
|7 ph119825
|z Evropa
|2 czenas
|
| 655 |
|
7 |
|a terminologické slovníky
|7 fd202538
|2 czenas
|
| 655 |
|
7 |
|a výkladové slovníky
|7 fd133855
|2 czenas
|
| 710 |
2 |
|
|a Vysoká škola báňská - Technická univerzita Ostrava.
|b Ekonomická fakulta
|7 kn20010709388
|
| 910 |
|
|
|a BOA001
|b 2-1033.689
|b TK-0260.615
|
| 920 |
|
|
|a 000152382
|
| 990 |
|
|
|a BK
|
| 996 |
6 |
|
|b 2610053353
|c 2-1033.689
|l MZK
|r Sklad / do 1 hodiny
|n 10
|p p.v.
|w 000189039
|u 000010
|a 1
|e BOA001
|j MZK50
|s P
|
| 996 |
6 |
|
|b 2620006562
|c TK-0260.615
|l MZK
|r Sklad / do 24 hodin
|n 2
|p kup
|w 000189039
|u 000020
|a 1
|e BOA001
|j MZK50
|s P
|
| 996 |
7 |
|
|b 2620006563
|c TK-0260.615
|l MZK
|r Sklad / do 24 hodin
|n 4
|p kup
|w 000189039
|u 000030
|a 1
|e BOA001
|j MZK50
|s A
|